| 000 | 00000nam##2200000za#4500 |
| 001 | 9.624851 |
| 003 | CaOODSP |
| 005 | 20200327181651 |
| 007 | ta |
| 008 | 150406|1998||||xxc||||| f|0| 0 fre|d |
| 020 | |a0-662-83156-X |
| 040 | |aCaOODSP|bfre |
| 043 | |an-cn--- |
| 086 | 1 |aF21-6/1998-6F |
| 110 | 1 |aCanada.|bMinistère des finances.|bGroupe de travail sur l'avenir du secteur des services financiers canadien. |
| 245 | 10|aLes relations entre les banques et les entreprises au Canada : |ble point de vue des chefs de la direction financière / |cPréparé par le Conference Board du Canada. |
| 260 | |aOttawa - Ontario : |bFinances Canada. |c1998. |
| 300 | |a53p. : |bgraphiques, tableaux ; |c28 cm. |
| 490 | 1 |aDocument de recherche préparé pour le Groupe de travail sur l'avenir du secteur des services financiers canadien |
| 500 | |aN.B.: Le numéro de catalogue (BT22-61/3-1998F-6) imprimé dans cette publication est incorrect. |
| 563 | |aCouverture souple |
| 590 | |a98-45|b1998-11-06 |
| 691 | 07|aOpération bancaire|2gcpds |
| 775 | 08|tCorporate banking relationships in Canada : |w(CaOODSP)9.614533 |
| 776 | 0#|tLes relations entre les banques et les entreprises au Canada : |w(CaOODSP)9.602701 |
| 830 | #0|aDocument de recherche préparé pour le Groupe de travail sur l'avenir du secteur des services financiers canadien.|w(CaOODSP)9.513003 |